000 00582nam a2200217 a 4500
001 65386
003 BD-RjUL
005 20211209081424.0
008 170305s1926 enk||||| |||| 001 0 eng d
035 _a(BD-RjUL)65516
040 _aBD-RjUL
_beng
_cBD-RjUL
041 _aeng
082 _223
_a938
_bHAG 1926
100 _aHamilton, Mary Agnes
_9193504
245 1 0 _aGreece /
_cMary Agnes Hamilton
260 _aOxford :
_bOxford University Press,
_c1926.
300 _axix, 250 p. :
_bill. ;
_c22 cm.
500 _aIncludes index
650 _aGreece
_9190792
942 _2ddc
_cBK
999 _c65386
_d65386